000 00506nam a22001577a 4500
003 NUST
038 _aNusrat Nadeem
082 _a200
100 _aZabeehullah
_9132928
245 _aDeep Learning Applications in SDN-Enabled Internet of Things/
_cZabeehullah
264 _aRawalpindi:
_bMCS NUST
_c2025.
650 _aPhD-Computer Software Engineering
_9124478
700 _aSupervisor: Prof Dr. Fahim Arif
_9133429
856 _uhttp://10.250.8.41:8080/xmlui/handle/123456789/55657
942 _2ddc
_cSC
999 _c616379
_d616379